Work Intensity in Slovakia in Relationship with Socio-economic Characteristics of Households
Analýza vzťahu medzi intenzitou práce a dosiahnutým vzdelaním v domácnosti a typu domácnosti na Slovensku pomocou korešpondenčnej analýzy, multinomálnej logistickej regresie a údajov z EU-SILC.
Uložené v:
| Hlavný autor: | |
|---|---|
| Ďalší autori: | |
| Médium: | Kapitola |
| Jazyk: | English |
| Predmet: | |
| Tagy: |
Žiadne tagy, Buďte prvý, kto otaguje tento záznam!
|
MARC
| LEADER | 00000naa a2200000 4500 | ||
|---|---|---|---|
| 001 | 0242312 | ||
| 005 | 20250702085511.2 | ||
| 041 | 0 | |a eng | |
| 044 | |a PL | ||
| 245 | 1 | 0 | |a Work Intensity in Slovakia in Relationship with Socio-economic Characteristics of Households |c Erik Šoltés, Mária Vojtková |
| 520 | |a Analýza vzťahu medzi intenzitou práce a dosiahnutým vzdelaním v domácnosti a typu domácnosti na Slovensku pomocou korešpondenčnej analýzy, multinomálnej logistickej regresie a údajov z EU-SILC. | ||
| 610 | 2 | 0 | |a trh práce |
| 610 | 2 | 0 | |a zamestnanosť |
| 610 | 2 | 0 | |a práca |
| 610 | 2 | 0 | |a intenzita práce |
| 610 | 2 | 0 | |a nezamestnanosť |
| 610 | 2 | 0 | |a chudoba |
| 610 | 2 | 0 | |a vylúčenie sociálne |
| 610 | 2 | 0 | |a domácnosti |
| 610 | 2 | 0 | |a Slovensko |
| 610 | 2 | 0 | |a analýza regresná |
| 100 | 1 | |a Šoltés, Erik, 1974- | |
| 700 | 1 | |a Vojtková, Mária, 1966- | |